| Tag |
First Indicator |
Second Indicator |
Subfields |
| LEADER |
00000cam a2200000 4500 |
| 001 |
in00000695421 |
| 005 |
20151016052427.0 |
| 008 |
730118s1967 paua b 00010 eng |
| 010 |
|
|
|a 67017444
|
| 035 |
|
|
|a (OCoLC)00542340
|
| 035 |
|
|
|9 ADB6532AM
|
| 040 |
|
|
|a DLC
|c WSU
|d OCL
|d TXA
|d UtOrBLW
|
| 049 |
|
|
|a TXAM
|c [478107]
|
| 050 |
0 |
0 |
|a QD291
|b .B3
|
| 082 |
0 |
|
|a 547/.001/4
|
| 100 |
1 |
|
|a Banks, James E.
|
| 245 |
1 |
0 |
|a Naming organic compounds ;
|b a programmed introduction to organic chemistry /
|c [by] James E. Banks.
|
| 264 |
|
1 |
|a Philadelphia :
|b W.B. Saunders Co.,
|c 1967.
|
| 300 |
|
|
|a viii, 276 pages :
|b illustrations ;
|c 26 cm.
|
| 336 |
|
|
|a text
|b txt
|2 rdacontent
|
| 337 |
|
|
|a unmediated
|b n
|2 rdamedia
|
| 338 |
|
|
|a volume
|b nc
|2 rdacarrier
|
| 504 |
|
|
|a Bibliography: page 273.
|
| 650 |
|
0 |
|a Chemistry, Organic
|v Nomenclature
|x Programmed instruction.
|
| 999 |
|
|
|a MARS
|
| 999 |
f |
f |
|s 6e90bd0f-db5e-30fd-8345-a3b14927d121
|i 35dc4fc8-e629-31ae-a3e7-666c4030b652
|t 0
|
| 952 |
f |
f |
|p normal
|a Texas A&M University
|b College Station
|c Sterling C. Evans Library
|d Evans: Library Stacks
|t 0
|e QD291 .B3
|h Library of Congress classification
|i unmediated -- volume
|m A14804697791
|
| 998 |
f |
f |
|a QD291 .B3
|t 0
|l Evans: Library Stacks
|